A Textbook of Discrete Mathematics/ (Record no. 175034)

MARC details
000 -LEADER
fixed length control field 00715nam a22001817a 4500
005 - DATE AND TIME OF LATEST TRANSACTION
control field 20200805124710.0
010 ## - LCCN (DPL NO)
LC control number ENG-128305
020 ## - INTERNATIONAL STANDARD BOOK NUMBER
Terms of availability 365.00
International Standard Book Number 9789352837359
035 ## - SYSTEM CONTROL NUMBER
System control number EN-111837
037 ## - SOURCE OF ACQUISITION
Source of stock number/acquisition DBAD/PUB
082 ## - DEWEY DECIMAL CLASSIFICATION NUMBER
Classification number 511.1
Edition number 9th ed.
100 ## - MAIN ENTRY--PERSONAL NAME
Personal name Sarkar,Swapan Kumar
245 ## - TITLE STATEMENT
Title A Textbook of Discrete Mathematics/
Statement of responsibility, etc by Swapan Kumar Sarkar
Remainder of title for B.E/B.Tech.,B.SC. and M.Sc. (Computer Science),BCA, MCA AND Other Computer Related Professional Courses:
260 ## - PUBLICATION, DISTRIBUTION, ETC. (IMPRINT)
Place of publication, distribution, etc New Delhi
Name of publisher, distributor, etc S.Chand
Date of publication, distribution, etc 2019
270 ## - ADDRESS
Address Head Office:7361,Ram Nagar,Qutab Rord
City New Delhi
Postal code 110055
Telephone number 23672080
Fax number 91-11-23677446
Electronic mail address info@schandpublishing.com
300 ## - PHYSICAL DESCRIPTION
Extent xv;844p.
Dimensions 24cm(pbk)
942 ## - ADDED ENTRY ELEMENTS (KOHA)
Source of classification or shelving scheme Dewey Decimal Classification
Item type English Books
Classification part 511.0
Call number suffix SAR
Holdings
Withdrawn status Lost status Not for loan Collection code Home library Current library Date acquired Source of acquisition Cost, normal purchase price Full call number Barcode Copy number Cost, replacement price Koha item type
      Non-fiction Patel Nagar Patel Nagar 05/08/2020 DBAD/PUB 365.00 511.0 SAR EN-111837 1 365.00 English Books

© Delhi Public Library
Hit Counter
free hit counter